000
00287nam a22001097a 4500
008
160429b xxu||||| |||| 00| 0 eng d
020
_a
0471045233
041
_a
eng
080
_a
618.2
245
_a
Strategies for teaching nursing:
_c
Rheba de Tornyay; Martha A. Thompson;
942
_2
udc
_c
BK
999
_c
1673
_d
1673